| 000 | 00963nam a2200265Ia 4500 | ||
|---|---|---|---|
| 003 | OSt | ||
| 005 | 20221005104915.0 | ||
| 006 | a|||||r|||| 00| 0 | ||
| 007 | ta | ||
| 008 | 221004b |||||||| |||| 00| 0 hin d | ||
| 020 |
_a9788171490980 (hbk) _c595 |
||
| 024 | _a23177 | ||
| 037 |
_b215, 16/11/2015, Eastern Book Linkers _cTextual |
||
| 040 |
_aCRL _cCRL _bhin |
||
| 041 |
_2hin _ahin |
||
| 082 | _aP152:2, M6;Q2 | ||
| 100 | _aतिवारी, भोलानाथ | ||
| 245 | 0 | _aहिन्दी भाषा की रूप - संरचना | |
| 246 | _aHindī bhāṣhā kī rūp - sanrachanā | ||
| 260 |
_aदिल्ली _bसाहित्य सहकार भारत _c2012 |
||
| 300 |
_a320पृ0 _ccm. |
||
| 650 | _aहिन्दी भाषा | ||
| 942 |
_hP152:2, M6;Q2 _cTEXL _2cc |
||
| 999 |
_c1014152 _d1014152 |
||